Loading...
| Mythology | 0 | 4 | 0 | 0 | 40 | 47 | 70.50 | 1 | 1 |
| Science - Chemistry | 0 | 3 | 0 | 0 | 30 | 86 | 103.00 | 0 | 2 |
| Science - Biology | 0 | 3 | 1 | 0 | 25 | 73 | 77.67 | 1 | 3 |
| Fine Arts - Classical Music | 0 | 2 | 0 | 1 | 20 | 116 | 117.00 | 0 | 0 |
| Fine Arts - Other Fine Arts | 0 | 3 | 2 | 2 | 20 | 125 | 138.00 | 0 | 1 |
| Literature - European Literature | 0 | 2 | 0 | 2 | 20 | 107 | 116.50 | 0 | 0 |
| History - World History | 0 | 1 | 0 | 0 | 10 | 75 | 75.00 | 0 | 0 |
| Literature - British Literature | 0 | 1 | 0 | 0 | 10 | 122 | 122.00 | 0 | 0 |
| Social Science | 0 | 1 | 0 | 0 | 10 | 82 | 82.00 | 0 | 1 |
| Philosophy | 0 | 1 | 0 | 0 | 10 | 121 | 121.00 | 0 | 0 |
| Geography/Current Events | 0 | 1 | 0 | 0 | 10 | 79 | 79.00 | 0 | 1 |
| Literature - American Literature | 0 | 1 | 0 | 0 | 10 | 101 | 101.00 | 0 | 0 |
| Literature - World/Other Literature | 0 | 0 | 0 | 0 | 0 | 0.00 | 0 | 0 | |
| Religion | 0 | 0 | 1 | 0 | -5 | 0.00 | 0 | 0 | |
| History - European History | 0 | 0 | 1 | 0 | -5 | 0.00 | 0 | 0 | |
| History - American History | 0 | 0 | 1 | 0 | -5 | 0.00 | 0 | 0 |